| 000 | 01114cam a2200205 4500 | ||
|---|---|---|---|
| 001 | ##L133187 | ||
| 008 | 060419n2006 000 0 eng u | ||
| 035 | _a(Sirsi) u133187 | ||
| 041 | 0 | _aeng | |
| 050 | 0 | 4 | _a346.41042 $2 18 |
| 110 | 1 |
_aUnited Kingdom _bOffice of the Deputy Prime Minister |
|
| 245 | 0 | 0 |
_aPreparing to manage _bframeworks for tenant management work programmes and competences for tenant management organisations: consultation paper |
| 260 |
_aLondon _bODPM _c2006 |
||
| 520 | _aConsults on the specific advice given on the frameworks for the programmes of learning and support that agencies and tenants receiving Tenant Empowerment Programme funding must follow and the guidelines set out for the assessment of competence of a tenant organisation. Responses are required by 24 May 2006. | ||
| 590 | _aIKA250406 | ||
| 650 | 2 | 4 | _aTENANT EMPOWERMENT PROGRAMME |
| 690 | _aPROPERTY-RESIDENTIAL PROPERTY-RESIDENTIAL LANDLORD AND TENANT | ||
| 856 | 4 | 0 |
_uhttps://www.communities.gov.uk/embedded_object.asp?id=1164864 _zView the consultation paper free of charge at www.dclg.gov.uk... |
| 942 | _n0 | ||
| 999 |
_c105349 _d105349 |
||